000 00380pab a2200157 454500
008 180718b2010 xxu||||| |||| 00| 0 eng d
100 _aRamachandran, Srinivasan
245 _aDisplacement and distress: agrarian Chengalpattu
260 _c2010
300 _ap.297-305.
362 _aJul-Sep
650 _aRefugees
773 _aSocial Action
908 _aN
909 _a87196
999 _c87196
_d87196